Statistiques concernant Culture Générale - Série 44

Cliquez ici pour prendre le quiz!

Statistiques générales

  • Ce quiz a été pris 1 103 fois
  • Le résultat moyen est 5 sur 10

Statistiques - réponses

QuestionRéponse% Correct
Quelle est la langue officielle utilisée lors des compétitions d’escrime ?Français
94%
Quel fut le 21 juillet 1969, le premier homme à poser le pied sur la Lune ?Neil Armstrong
92%
Qui a mis au point le vaccin contre la rage ?Louis Pasteur
90%
Qui est à l’origine de la théorie de l’attraction universelle ?Newton
70%
Qui a inventé la dynamite ?Alfred Nobel
53%
Quel joueur de football a marqué 13 buts lors de la coupe du monde de 1958 ?Just Fontaine
49%
Quel est l’athlète qui inventa la nouvelle technique de saut en hauteur (sauter le dos face à la barre) ?Fosbury
28%
Dans quel pays a eu lieu cette coupe du monde de football de 1958 ?Suède
27%
Qui a découvert la radioactivité naturelle ?Henri Becquerel
16%
Qui a découvert la composition de l’air ?Lavoisier
16%

Distribution des résultats

Percentile par nombre de réponses

% des personnes avec chaque résultat

Votre développement - résultats

Vous n’avez pas pris ce quiz